000 00393nam a2200169Ia 4500
001 15931
003 IN-NITTTR
005 20251114233150.0
008 251113s9999||||xx |||||||||||||| ||eng||
040 _beng
040 _cIN-NITTTR
041 _aeng
082 _a823 N164F
100 _aNarayan, R. K.
245 4 _aThe finanical exprert :
_b a novel /
_cNarayan, R. K.
942 _2ddc
_cBK
999 _c18565
_d18565